| 000 | 00460nam a2200157 a 4500 | ||
|---|---|---|---|
| 001 | 000037480 | ||
| 005 | 20200930080404.0 | ||
| 008 | 120420s20uu sp 000 0 spa d | ||
| 040 |
_aDO-SdBNP _bspa _cBNPHU |
||
| 100 | 1 |
_aGallego Gil, Ramón _963919 |
|
| 245 | 1 | 0 |
_aSubido a un nogal / _cRamón Gallego Gil. |
| 260 |
_aCiudad Real : _bGrupo Literario Guadiana. |
||
| 300 |
_a74 p. ; _c22 cm. |
||
| 490 | 1 |
_aBibliografía _v24 |
|
| 830 | 0 |
_aBibliografía _v24 _963920 |
|
| 999 |
_c36970 _d36970 |
||